[Event "AUTO-OPEN-502"]
[Site "http://www.queenalice.com/game.php?id=148666"]
[Date "2006.12.31"]
[Round "1"]
[White "CampbellMarcel"]
[Black "yaron96"]
[Result "0-1"]
[WhiteElo "400"]
[BlackElo "1149"]

1. e4 e5 2. Nf3 Nc6 3. Bc4 Bc5 4. O-O Qf6 5. Nc3 Nge7 6. d3 Nf5 7. exf5 Qxf5 8.
Be3 Bxe3 9. fxe3 Na5 10. Bxf7+ Qxf7 11. Nxe5 Qe6 0-1

[Event "AUTO-BEG-61"]
[Site "http://www.queenalice.com/game.php?id=154827"]
[Date "2007.1.16"]
[Round "1"]
[White "Macuei"]
[Black "yaron96"]
[Result "1-0"]
[WhiteElo "1944"]
[BlackElo "1188"]

1. e4 e5 2. d4 exd4 3. c3 Nc6 4. cxd4 Nxd4 5. Qxd4 c5 6. Qe5+ Be7 7. Qxg7 Bf6 8.
Qg3 d6 9. Nd2 Ne7 10. Nc4 d5 11. Ne5 Qd6 12. Bb5+ Nc6 13. Bf4 Bd7 14. Nxf7 Qe6
15. Nxh8 Qxe4+ 16. Ne2 Qb4+ 17. Bd2 Qxb2 18. Qg8+ Ke7 19. Qf7+ Kd8 20. O-O Bxh8
21. Bxc6 Bxc6 22. Bg5+ Kc8 23. Qf8+ Kc7 24. Qe7+ Bd7 25. Qxc5+ Bc6 26. Qe7+ Bd7
27. Bf4+ 1-0

[Event "AUTO-BEG-61"]
[Site "http://www.queenalice.com/game.php?id=154828"]
[Date "2007.1.16"]
[Round "1"]
[White "yaron96"]
[Black "Macuei"]
[Result "0-1"]
[WhiteElo "1214"]
[BlackElo "1830"]

1. e4 e5 2. Nf3 f5 3. exf5 d6 4. c4 Bxf5 5. Qa4+ Nc6 6. Nh4 Qxh4 7. Be2 Qe4 8.
f3 Qc2 9. Qxc2 Bxc2 10. Na3 Nd4 11. g4 O-O-O 12. d3 Nb3 13. axb3 Bxb3 14. O-O
Nf6 15. Be3 b6 16. Nb5 c5 17. Rxa7 Nd7 18. Ra8+ Nb8 19. Bg5 Rd7 20. Rfa1 h6 21.
Be3 Be7 22. Na7+ Kb7 23. Nb5 Kc6 24. R1a7 d5 25. Rxd7 Kxd7 26. Ra7+ Ke6 27.
cxd5+ Bxd5 28. Nc7+ Kd6 29. Nxd5 Kxd5 30. Rxe7 g5 31. f4 exf4 32. Bd2 Kd6 33.
Rg7 b5 34. Rg6+ Ke7 35. Bc3 Rh7 0-1

[Event "AUTO-BEG-61"]
[Site "http://www.queenalice.com/game.php?id=154833"]
[Date "2007.1.16"]
[Round "1"]
[White "yanfu"]
[Black "yaron96"]
[Result "1-0"]
[WhiteElo "1195"]
[BlackElo "1090"]

1. e4 e5 2. Nf3 Nf6 3. Nc3 Nc6 4. Bb5 Bc5 5. O-O Ng4 6. d4 exd4 7. Nxd4 Bxd4 8.
Qxg4 Ne5 9. Qg3 Ng6 10. Bf4 O-O 11. Bxc7 Qe8 12. Qd3 Qe5 13. Bxe5 Nxe5 14. Qxd4
Re8 15. Nd5 1-0

[Event "AUTO-BEG-61"]
[Site "http://www.queenalice.com/game.php?id=154834"]
[Date "2007.1.16"]
[Round "1"]
[White "yaron96"]
[Black "yanfu"]
[Result "0-1"]
[WhiteElo "1148"]
[BlackElo "1292"]

1. e4 e5 2. Nf3 Nc6 3. Bc4 h6 4. O-O Nf6 5. Nc3 Na5 6. b3 Nxc4 7. bxc4 d6 8. d3
b6 9. Nb5 Ba6 10. a4 Bxb5 11. axb5 g5 12. d4 Nxe4 13. Bd2 Bg7 14. Bb4 exd4 15.
Nxd4 Qf6 16. f3 Qxd4+ 17. Kh1 Nf2+ 18. Rxf2 Qxf2 19. Ra3 O-O 20. Rd3 Rfe8 21.
Rd2 Re1+ 0-1

[Event "Let's Play Chess!"]
[Site "http://www.queenalice.com/game.php?id=162442"]
[Date "2007.2.2"]
[Round "-"]
[White "yaron96"]
[Black "MontereyMatt"]
[Result "1-0"]
[WhiteElo "1188"]
[BlackElo "1175"]

1. e4 e5 2. Nf3 Qf6 3. Bc4 Na6 4. d3 c6 5. Ng5 Nh6 6. O-O Bc5 7. Kh1 b5 8. Bb3
d5 9. exd5 Qf5 10. dxc6 Ng4 11. f3 Nf2+ 12. Rxf2 Bxf2 13. Nxf7 Rf8 14. Nd6+ Kd8
15. Nxf5 Rxf5 16. Qe2 Bh4 17. Nc3 Rh5 18. Nxb5 Nb4 19. g4 a6 20. gxh5 axb5 21.
Qxe5 Bh3 22. Qd6+ Ke8 23. Qxb4 Ra7 24. Qxh4 Re7 25. Qxh3 Re1+ 26. Kg2 1-0

[Event "Challenge"]
[Site "http://www.queenalice.com/game.php?id=167183"]
[Date "2007.2.11"]
[Round "-"]
[White "yaron96"]
[Black "miki00"]
[Result "1-0"]
[WhiteElo "1127"]
[BlackElo "1516"]

1. e4 e5 2. Nf3 Nc6 3. Bc4 Bc5 4. d3 d6 5. Ng5 Nh6 6. O-O O-O 7. Be3 Bxe3 8.
fxe3 Qxg5 9. Qe1 Bh3 10. Qg3 Qxg3 11. hxg3 Be6 12. Na3 Ng4 13. Bxe6 fxe6 14.
Rxf8+ Kxf8 15. Nb5 h5 16. Rf1+ Kg8 17. Nxc7 1-0

[Event "Challenge"]
[Site "http://www.queenalice.com/game.php?id=168316"]
[Date "2007.2.14"]
[Round "-"]
[White "Frankone"]
[Black "yaron96"]
[Result "1-0"]
[WhiteElo "1275"]
[BlackElo "1289"]

1. e4 e5 2. Nf3 Nc6 3. c4 Nf6 4. Qa4 Nxe4 5. Qc2 f5 6. d3 Bb4+ 7. Ke2 Nf6 8. a3
e4 9. axb4 exf3+ 10. Kd2 O-O 11. gxf3 Nd4 12. Qc3 Nxf3+ 13. Ke2 Nh4 14. Qd4 Re8+
15. Kd2 Nf3+ 16. Kd1 Nxd4 17. Nc3 Qe7 18. Be3 1-0

[Event "Challenge"]
[Site "http://www.queenalice.com/game.php?id=168317"]
[Date "2007.2.14"]
[Round "-"]
[White "yaron96"]
[Black "Frankone"]
[Result "0-1"]
[WhiteElo "1271"]
[BlackElo "1292"]

1. e4 e5 2. Nf3 d6 3. h3 Nf6 4. Nc3 c6 5. d3 b5 6. Be2 h6 7. O-O Nh5 8. Nxe5
dxe5 9. Bxh5 Qh4 10. f4 Bc5+ 11. Kh2 g6 12. Bg4 f5 13. exf5 Bxf5 14. Bxf5 gxf5
15. fxe5 Rf8 16. g3 Qb4 17. a3 Qd4 0-1

[Event "AUTO-BEG-73"]
[Site "http://www.queenalice.com/game.php?id=168585"]
[Date "2007.2.14"]
[Round "1"]
[White "JusEstripador"]
[Black "yaron96"]
[Result "0-1"]
[WhiteElo "1355"]
[BlackElo "1245"]

1. e4 e5 2. Bc4 Nf6 3. Nf3 Nc6 4. c3 Nxe4 5. Ng5 Nxg5 6. h4 Ne6 7. d3 Bc5 8. g4
d5 9. Bb3 O-O 10. a4 Nf4 11. Bc2 Ng2+ 12. Kf1 Nf4 13. b4 f5 14. Rg1 Qxh4 15.
bxc5 Qh3+ 16. Ke1 fxg4 17. d4 exd4 18. f3 Re8+ 19. Kf2 g3+ 20. Rxg3 Qh2+ 21. Kf1
Bh3+ 22. Rxh3 Qxh3+ 0-1

[Event "AUTO-BEG-73"]
[Site "http://www.queenalice.com/game.php?id=168586"]
[Date "2007.2.14"]
[Round "1"]
[White "yaron96"]
[Black "JusEstripador"]
[Result "1-0"]
[WhiteElo "1214"]
[BlackElo "1367"]

1. e4 d5 2. exd5 Qxd5 3. Nc3 Qd8 4. d4 Nc6 5. d5 Nb4 6. a3 Na6 7. Bxa6 bxa6 8.
h3 e5 9. Nf3 e4 10. Nxe4 Bf5 11. Qd4 Qe7 12. Nd2 O-O-O 13. O-O Qe6 14. Ng5 Qe7
15. Nc4 f6 16. Qxa7 fxg5 17. Qa8+ Kd7 18. Qc6+ Kc8 19. Nb6+ 1-0

[Event "AUTO-BEG-73"]
[Site "http://www.queenalice.com/game.php?id=168597"]
[Date "2007.2.14"]
[Round "1"]
[White "valefale19"]
[Black "yaron96"]
[Result "1-0"]
[WhiteElo "1542"]
[BlackElo "1230"]

1. e4 e5 2. Nf3 Nc6 3. Bb5 d6 4. d4 exd4 5. Nxd4 Bd7 6. a4 Nxd4 7. Bxd7+ Qxd7 8.
Qxd4 Nf6 9. O-O Be7 10. Bg5 O-O 11. Nc3 h6 12. Bf4 Nh5 13. Be3 f5 14. Nd5 Bf6
15. e5 Bxe5 16. Qb4 c6 17. Nc3 1-0

[Event "AUTO-BEG-73"]
[Site "http://www.queenalice.com/game.php?id=168598"]
[Date "2007.2.14"]
[Round "1"]
[White "yaron96"]
[Black "valefale19"]
[Result "0-1"]
[WhiteElo "1226"]
[BlackElo "1546"]

1. e4 e5 2. Nf3 Nc6 3. Bc4 Nf6 4. d3 d5 5. exd5 Nxd5 6. Bxd5 Qxd5 7. Nc3 Qc5 8.
Ne4 Qd5 9. h3 Be7 10. c4 Qa5+ 11. Bd2 Bb4 12. O-O Nd4 13. Be3 Nxf3+ 14. Qxf3 Be7
15. Bd2 Bb4 16. Ng5 f6 0-1